| Tag |
First Indicator |
Second Indicator |
Subfields |
| LEADER |
00000cam a2200000 a 4500 |
| 001 |
in00000008462 |
| 005 |
20191019063314.0 |
| 008 |
870504s1987 lau 00010 eng |
| 010 |
|
|
|a 87003242
|
| 020 |
|
|
|a 0807114278
|
| 020 |
|
|
|a 0807114286 (pbk.)
|
| 035 |
|
|
|a (OCoLC)15790022
|
| 035 |
|
|
|9 AAA0853AM
|
| 040 |
|
|
|a DLC
|c DLC
|d TXA
|d UtOrBLW
|
| 050 |
0 |
0 |
|a PS3551.L3922
|b F55 1987
|
| 082 |
0 |
|
|a 811/.54
|2 19
|
| 100 |
1 |
|
|a Allen, Dick,
|d 1939-2017.
|
| 245 |
1 |
0 |
|a Flight and pursuit :
|b poems /
|c by Dick Allen.
|
| 264 |
|
1 |
|a Baton Rouge :
|b Louisiana State University Press,
|c 1987.
|
| 300 |
|
|
|a 53 pages ;
|c 24 cm.
|
| 336 |
|
|
|a text
|b txt
|2 rdacontent
|
| 337 |
|
|
|a unmediated
|b n
|2 rdamedia
|
| 338 |
|
|
|a volume
|b nc
|2 rdacarrier
|
| 999 |
|
|
|a MARS
|
| 999 |
f |
f |
|s a449b4a4-2b50-3ae6-b950-6058972b54af
|i ae701f47-ca77-3c67-ae75-40cf450ba109
|t 0
|
| 952 |
f |
f |
|p ric
|a Texas A&M University
|b Rellis Campus
|c Joint Library Facility
|d Remote Storage
|t 0
|e PS3551.L3922 F55 1987
|h Library of Congress classification
|i unmediated -- volume
|m A14811006650
|
| 998 |
f |
f |
|a PS3551.L3922 F55 1987
|t 0
|l Remote Storage
|